000 00744nam a2200241Ia 4500
005 20260430150229.0
008 008 250103s9999 xx 000 0 eng d
037 _aTheses
040 _aCRL
040 _beng
040 _ceng
041 _2eng
041 _aeng
084 _qCRL
100 _aRehman Sana Au.; Urfi A.J. Gu.
_91236870
245 0 _aMulti-species occupancy modeling study of common waterbirds in response to habitat variables in response to habitat variables in the river yammuna of Delhi
260 _c2022
300 _a187p.
650 _aEnvironmental Science
700 _aUniversity of Delhi. Faculty of Science. Department of Environmental Studies
_9540397
942 _cTH
999 _c1849272
_d1849272